Dôrazné varovanie

Bibliographic Details
Main Author: Brabec, Dušan (Author)
Format: Article
Language:Slovak
Subjects:

MARC

LEADER 00000nab a2200000 a 4500
001 vtls000327626
003 SK-MaSNL
005 20260304054804.0
008 111201c1988 xo 0 slo
015 |a SNBRB19rr/mm-uuuuu 
035 |a CL0327748 
040 |a SNKBUCL  |b slo  |c SNKBUCL  |e AACR2 
041 0 |a slo 
044 |a xo  |c SK 
080 |a 323(100-19)(495:73)  |2 1981 
080 |a 327(73:495)  |2 1981 
080 |a 355.02(73)  |2 1981 
100 1 |a Brabec, Dušan  |4 aut  |9 921688 
245 1 0 |a Dôrazné varovanie  |c Dušan Brabec 
650 0 7 |a vnútorná politika  |2 snkbucl  |9 970 
650 0 7 |a základne vojenské USA  |2 snkbucl  |9 1322700 
651 7 |a Grécko  |2 snkbucl  |9 16240 
655 7 |a články z novín a časopisov  |2 snkbucl  |9 267496 
773 0 |t Pravda  |g Roč. 69, č. 183 (5. 8. 1988), s. 7 
850 |a Slovenská národná knižnica v Martine  |a MTA001 
852 |a SNK  |b KIS3GCP 
958 |a RK 
992 |a RBX 
999 |c 2720813  |d 2722743